| 000 | 00762nam a2200229 a 4500 | ||
|---|---|---|---|
| 999 |
_c9205 _d9205 |
||
| 001 | 9205 | ||
| 003 | BD-JhCC | ||
| 005 | 20180314182237.0 | ||
| 008 | 171031s1996 bg |||| |||| 001 0 ben d | ||
| 020 | _a9845600204 | ||
| 035 | _a(BD-JhCC) 9205 | ||
| 040 |
_aBD-JhCC _dBD-JhCC |
||
| 041 | _aben | ||
| 082 |
_a320.014 _bUMA 1996 |
||
| 100 | _aউমর, বদরুদ্দীন | ||
| 245 |
_aপূর্ব বাঙলার ভাষা আন্দোলন ও তৎকালীন রাজনীতি / _cবদরুদ্দীন উমর |
||
| 260 |
_aঢাকা : _bজাতীয় গ্রন্হ প্রকাশন, _c1996. |
||
| 300 |
_a328 p. : _c21 cm. |
||
| 650 | _aLanguage Movement | ||
| 942 |
_2ddc _cBK |
||